00865nam a2200229 a 450000100100000000500170001000800410002702000150006804000250008308200160010810000280012424500500015226000550020230000210025749000160027850000420029459000260033683000230036295201140038595201190049999900170061800003992320201002033818.0130730s1977 sp r 000 0 spa d a8422007959 aDO-SdBNPbspacBNPHU axxxxbB645a1 aBlazquez, Niceto96613013aEl aborto :bno matarás /cNiceto Blazquez. aMadrid :bBiblioteca de Autores Cristianos,c1977. a213 p. ;c18 cm.1 aBac Popular aIncluye notas al pie de las páginas aInventariado, 2019/BT 0aBac Popular966131 001050718MOaGRbGRcHDd2013-07-30iLF1l0oxxxx B645ap39923-10r2020-06-25w2020-06-25y1ZNo se presta 001050718MOaGRbGRcHDd2013-07-30iLF1l0oxxxx B645ap39923-20r2020-06-25te.2w2020-06-25y1ZNo se presta c39413d39413